Komplex esztétikai nevelés irodalomórán
Elmentve itt :
| Szerző: | |
|---|---|
| Dokumentumtípus: | Cikk |
| Megjelent: |
1978
|
| Sorozat: | Módszertani közlemények
18 No. 1 |
| Kulcsszavak: | Neveléstudomány |
| Online Access: | http://acta.bibl.u-szeged.hu/26699 |
| LEADER | 00611nab a2200181 i 4500 | ||
|---|---|---|---|
| 001 | acta26699 | ||
| 005 | 20210224125352.0 | ||
| 008 | 161017s1978 hu o 0|| hun d | ||
| 022 | |a 0544-7224 | ||
| 040 | |a SZTE Egyetemi Kiadványok Repozitórium |b hun | ||
| 041 | |a hun | ||
| 100 | 1 | |a Molnár János | |
| 245 | 1 | 0 | |a Komplex esztétikai nevelés irodalomórán |h [elektronikus dokumentum] / |c Molnár János |
| 260 | |c 1978 | ||
| 300 | |a 47-51 | ||
| 490 | 0 | |a Módszertani közlemények |v 18 No. 1 | |
| 695 | |a Neveléstudomány | ||
| 856 | 4 | 0 | |u http://acta.bibl.u-szeged.hu/26699/1/modszertani_018_001_047-051.pdf |z Dokumentum-elérés |